| Tag |
First Indicator |
Second Indicator |
Subfields |
| LEADER |
00000cam a2200000 4500 |
| 001 |
in00000043339 |
| 005 |
20151007072758.0 |
| 008 |
721213s1964 nyuaf b 10000 eng u |
| 010 |
|
|
|a 64020015
|
| 035 |
|
|
|a (OCoLC)00513547
|
| 035 |
|
|
|9 AAE8538AM
|
| 040 |
|
|
|c OUN
|d TXA
|d UtOrBLW
|
| 049 |
|
|
|a TXAM
|c [408509]
|
| 050 |
0 |
0 |
|a SB742
|b .H8 1964
|
| 092 |
|
|
|a 581.21
|b H936, 1964
|
| 245 |
0 |
0 |
|a Hunger signs in crops ;
|b a symposium /
|c prepared by S. A. Barber [and others. Edited by Howard B. Sprague.
|
| 250 |
|
|
|a 3d ed.].
|
| 264 |
|
1 |
|a New York :
|b McKay,
|c [1964]
|
| 300 |
|
|
|a xxi, 461 pages :
|b illustrations, color plates. ;
|c 24 cm.
|
| 336 |
|
|
|a text
|b txt
|2 rdacontent
|
| 337 |
|
|
|a unmediated
|b n
|2 rdamedia
|
| 338 |
|
|
|a volume
|b nc
|2 rdacarrier
|
| 500 |
|
|
|a Previous editions by the American Society of Agronomy.
|
| 504 |
|
|
|a Includes bibliographies.
|
| 650 |
|
0 |
|a Deficiency diseases in plants.
|
| 700 |
1 |
|
|a Sprague, Howard Bennett,
|d 1898-
|
| 700 |
1 |
|
|a Barber, Stanley Arthur,
|d 1921-
|
| 710 |
2 |
|
|a American Society of Agronomy.
|t Hunger signs in crops.
|
| 999 |
|
|
|a MARS
|
| 999 |
f |
f |
|s cfd906b7-2735-3fb7-94d9-2bba2cb05603
|i 3c9e8dda-98c3-3f35-8b97-6588dca3ad81
|t 0
|
| 952 |
f |
f |
|p ric
|a Texas A&M University
|b Rellis Campus
|c Joint Library Facility
|d Remote Storage
|t 0
|e SB742 .H8 1964
|h Library of Congress classification
|i unmediated -- volume
|m A14800989358
|
| 998 |
f |
f |
|a SB742 .H8 1964
|t 0
|l Remote Storage
|